000 00435nam a2200109Ia 4500
008 221009s9999 xx 000 0 und d
082 _a800
100 _aडॉ अशोक प्रभाकर कामत
_940637
245 0 _aमहाराष्‍ट्र के नाथपंथीय कवियो की हिन्‍दी काव्‍य
260 _bजवाहर पुस्‍तकालय
942 _cBK
999 _c64662
_d64662